Small Business Management (Record no. 4124)

MARC details
000 -LEADER
fixed length control field 00368nam a22001457a 4500
008 - FIXED-LENGTH DATA ELEMENTS--GENERAL INFORMATION
fixed length control field 250704b |||||||| |||| 00| 0 eng d
020 ## - INTERNATIONAL STANDARD BOOK NUMBER
ISBN 0815786824
100 ## - MAIN ENTRY--AUTHOR
Author MEGGINSON C. Leon Emeritus
245 ## - TITLE STATEMENT
Title Small Business Management
250 ## - EDITION STATEMENT
Edition statement 4
260 ## - PUBLICATION, DISTRIBUTION, ETC. (IMPRINT)
Place of publication America
Name of publisher McGraw-Hill Higher Education
Date of publication 2003
300 ## - COLLATION
Pagination x, 518p.
942 ## - ADDED ENTRY ELEMENTS (KOHA)
Item type Books
050 ## - LIBRARY OF CONGRESS CALL NUMBER
Classification number HD627
Item number .S53
Holdings
Source of classification or shelving scheme Not for loan Permanent location Current location Date acquired Accession No. Full call number Barcode. Koha item type
Library of Congress Classification   Samuel Ogbemudia Main Library, University of Abuja Samuel Ogbemudia Main Library, University of Abuja 07/04/2025 2009/39223 HD627.S53 2025-2860 Books